| 000 | 00420nam a2200169Ia 4500 | ||
|---|---|---|---|
| 003 | GCL | ||
| 008 | 140319s9999 xx 000 0 eng d | ||
| 040 |
_aGCL / _cGCL |
||
| 082 | 0 | 4 |
_a361.3 _bM S |
| 100 | 1 | _aMARSHALL, MARY | |
| 245 | 1 | 0 |
_aSOCIAL WORK WITH OLD PEOPLE / _cMARSHALL, MARY |
| 260 |
_a[S.N] : _bMACMILLAN ، _c1993 |
||
| 300 | _a136 P | ||
| 650 | 0 | 4 | _aOLD PEOPLE |
| 650 | 0 | 4 | _aSOCIAL WORK |
| 942 |
_2ddc _cBK |
||
| 999 |
_c10370 _d10370 |
||